Statistics for Premier league player of the month 1994-2020

Click here to take the quiz!

General Stats

  • This quiz has been taken 68 times
  • The average score is 143 of 238

Answer Stats

MonthYearPlayer NameNationalityPositionClub% Correct
March2009Steven GerrardEnglandMFLiverpool
95%
April2006Steven GerrardEnglandMFLiverpool
95%
March2001Steven GerrardEnglandMFLiverpool
95%
March2003Steven GerrardEnglandMFLiverpool
95%
December2004Steven GerrardEnglandMFLiverpool
95%
January2004Thierry HenryFranceFWArsenal
95%
September2002Thierry HenryFranceFWArsenal
95%
April2004Thierry HenryFranceFWArsenal
95%
April2000Thierry HenryFranceFWArsenal
95%
December2002Alan ShearerEnglandFWNewcastle United
93%
October2003Alan ShearerEnglandFWNewcastle United
93%
September1998Alan ShearerEnglandFWNewcastle United
93%
December2003Paul ScholesEnglandMFManchester United
93%
October2006Paul ScholesEnglandMFManchester United
93%
January2003Paul ScholesEnglandMFManchester United
93%
August2010Paul ScholesEnglandMFManchester United
93%
February2007Ryan GiggsWalesMFManchester United
93%
August2006Ryan GiggsWalesMFManchester United
93%
January2016Sergio AgüeroArgentinaFWManchester City
93%
October2013Sergio AgüeroArgentinaFWManchester City
93%
April2016Sergio AgüeroArgentinaFWManchester City
93%
January2018Sergio AgüeroArgentinaFWManchester City
93%
February2019Sergio AgüeroArgentinaFWManchester City
93%
January2020Sergio AgüeroArgentinaFWManchester City
93%
November2014Sergio AgüeroArgentinaFWManchester City
93%
December2011Demba BaSenegalFWNewcastle United
91%
February2017Harry KaneEnglandFWTottenham Hotspur
91%
September2017Harry KaneEnglandFWTottenham Hotspur
91%
December2017Harry KaneEnglandFWTottenham Hotspur
91%
January2015Harry KaneEnglandFWTottenham Hotspur
91%
February2015Harry KaneEnglandFWTottenham Hotspur
91%
March2016Harry KaneEnglandFWTottenham Hotspur
91%
October2007Wayne RooneyEnglandFWManchester United
91%
February2005Wayne RooneyEnglandFWManchester United
91%
March2006Wayne RooneyEnglandFWManchester United
91%
December2005Wayne RooneyEnglandFWManchester United
91%
January2010Wayne RooneyEnglandFWManchester United
91%
November2006Cristiano RonaldoPortugalFWManchester United
88%
March2008Cristiano RonaldoPortugalFWManchester United
88%
January2008Cristiano RonaldoPortugalFWManchester United
88%
December2006Cristiano RonaldoPortugalFWManchester United
88%
October2016Eden HazardBelgiumFWChelsea
88%
September2018Eden HazardBelgiumFWChelsea
88%
October2008Frank LampardEnglandMFChelsea
88%
April2005Frank LampardEnglandMFChelsea
88%
September2003Frank LampardEnglandMFChelsea
88%
October2005Frank LampardEnglandMFChelsea
88%
March2005Joe ColeEnglandMFChelsea
88%
December2013Luis SuárezUruguayFWLiverpool
88%
February2018Mohamed SalahEgyptFWLiverpool
88%
November2017Mohamed SalahEgyptFWLiverpool
88%
March2018Mohamed SalahEgyptFWLiverpool
88%
October2001Rio FerdinandEnglandDFLeeds United
88%
October2009Robin van PersieNetherlandsFWArsenal
88%
October2011Robin van PersieNetherlandsFWArsenal
88%
December2012Robin van PersieNetherlandsFWManchester United
88%
April2013Robin van PersieNetherlandsFWManchester United
88%
November2005Robin van PersieNetherlandsFWArsenal
88%
January2006Anton FerdinandEnglandDFWest Ham United
86%
April2010Gareth BaleWalesFWTottenham Hotspur
86%
February2013Gareth BaleWalesFWTottenham Hotspur
86%
January2012Gareth BaleWalesFWTottenham Hotspur
86%
October2015Jamie VardyEnglandFWLeicester City
86%
April2019Jamie VardyEnglandFWLeicester City
86%
October2019Jamie VardyEnglandFWLeicester City
86%
November2015Jamie VardyEnglandFWLeicester City
86%
August2016Raheem SterlingEnglandFWManchester City
86%
November2018Raheem SterlingEnglandFWManchester City
86%
January2001Robbie KeaneIrelandFWLeeds United
86%
August1999Robbie KeaneIrelandFWCoventry City
86%
October1998Roy KeaneIrelandMFManchester United
86%
December1999Roy KeaneIrelandMFManchester United
86%
March2019Sadio ManéSenegalFWLiverpool
86%
November2019Sadio ManéSenegalFWLiverpool
86%
August2017Sadio ManéSenegalFWLiverpool
86%
March2002Dennis BergkampNetherlandsFWArsenal
84%
August1997Dennis BergkampNetherlandsFWArsenal
84%
September1997Dennis BergkampNetherlandsFWArsenal
84%
September2011David SilvaSpainMFManchester City
81%
January2011Dimitar BerbatovBulgariaFWManchester United
81%
August1998Michael OwenEnglandFWLiverpool
81%
January2009Nemanja VidićSerbiaDFManchester United
81%
April2017Son Heung-minSouth KoreaFWTottenham Hotspur
81%
September2016Son Heung-minSouth KoreaFWTottenham Hotspur
81%
February1996Dwight YorkeTrinidad and TobagoMFAston Villa
79%
March2000Dwight YorkeTrinidad and TobagoMFManchester United
79%
January1999Dwight YorkeTrinidad and TobagoMFManchester United
79%
August2009Jermain DefoeEnglandFWTottenham Hotspur
79%
April2003Ruud van NistelrooyNetherlandsFWManchester United
79%
December2001Ruud van NistelrooyNetherlandsFWManchester United
79%
February2002Ruud van NistelrooyNetherlandsFWManchester United
79%
December2018Virgil van DijkNetherlandsDFLiverpool
79%
January2007Cesc FàbregasSpainMFArsenal
74%
September2007Cesc FàbregasSpainMFArsenal
74%
November2016Diego CostaSpainFWChelsea
74%
August2014Diego CostaSpainFWChelsea
74%
February2008Fernando TorresSpainFWLiverpool
74%
September2009Fernando TorresSpainFWLiverpool
74%
January2005John TerryEnglandDFChelsea
74%
January2019Marcus RashfordEnglandFWManchester United
74%
February2003Robert PiresFranceMFArsenal
74%
August2003Teddy SheringhamEnglandFWPortsmouth
74%
October2000Teddy SheringhamEnglandFWManchester United
74%
December2019Trent Alexander-ArnoldEnglandDFLiverpool
74%
September2015Anthony MartialFranceFWManchester United
72%
February2020Bruno FernandesPortugalMFManchester United
72%
June2020Bruno FernandesPortugalMFManchester United
72%
January2017Dele AlliEnglandMFTottenham Hotspur
72%
October2018Pierre-Emerick AubameyangGabonFWArsenal
72%
September2019Pierre-Emerick AubameyangGabonFWArsenal
72%
March2017Romelu LukakuBelgiumFWEverton
72%
April2018Wilfried ZahaIvory CoastFWCrystal Palace
72%
December2016Zlatan IbrahimovićSwedenFWManchester United
72%
August2005Darren BentEnglandFWCharlton Athletic
70%
August2011Edin DžekoBosnia and HerzegovinaFWManchester City
70%
August2018Lucas MouraBrazilMFTottenham Hotspur
70%
January2002Marcus BentEnglandFWIpswich Town
70%
March2007Petr ČechCzech RepublicGKChelsea
70%
December2009Carlos TevezArgentinaFWManchester City
67%
February2014Daniel SturridgeEnglandFWLiverpool
67%
August2013Daniel SturridgeEnglandFWLiverpool
67%
August1996David BeckhamEnglandMFManchester United
67%
November2008Nicolas AnelkaFranceFWChelsea
67%
February1999Nicolas AnelkaFranceFWArsenal
67%
March2015Olivier GiroudFranceFWArsenal
67%
March2014Steven GerrardEnglandMFLiverpool
67%
November1994Alan ShearerEnglandFWBlackburn Rovers
65%
March1996Eric CantonaFranceFWManchester United
65%
December1995Robbie FowlerEnglandFWLiverpool
65%
November1997Andy ColeEnglandFWManchester United
63%
October2012Juan MataSpainMFChelsea
63%
September2013Aaron RamseyWalesMFArsenal
60%
February2004Dennis BergkampNetherlandsFWArsenal
60%
October2017Leroy SanéGermanyFWManchester City
60%
March2014Luis SuárezUruguayFWLiverpool
60%
April2007Robbie KeaneIrelandFWTottenham Hotspur
60%
April1995David SeamanEnglandGKArsenal
58%
April2007Dimitar BerbatovBulgariaFWTottenham Hotspur
58%
December1996Gianfranco ZolaItalyFWChelsea
58%
October2002Gianfranco ZolaItalyFWChelsea
58%
August1994Jürgen KlinsmannGermanyFWTottenham Hotspur
56%
August2019Teemu PukkiFinlandFWNorwich City
56%
April2002Freddie LjungbergSwedenMFArsenal
53%
March2012Gylfi SigurðssonIcelandMFSwansea City
53%
March2013Jan VertonghenBelgiumDFTottenham Hotspur
53%
April2009Andrey ArshavinRussiaMFArsenal
51%
November1996Ian WrightEnglandFWArsenal
51%
August2001Louis SahaFranceFWFulham
51%
October1996Matt Le TissierEnglandMFSouthampton
51%
December1994Matt Le TissierEnglandMFSouthampton
51%
March2010Florent MaloudaFranceMFChelsea
49%
January1996Robbie FowlerEnglandFWLiverpool
49%
February1998Chris SuttonEnglandFWBlackburn Rovers
47%
March2011David LuizBrazilDFChelsea
47%
January1998Dion DublinEnglandFWCoventry City
47%
November1998Dion DublinEnglandFWAston Villa
47%
October2010Rafael van der VaartNetherlandsMFTottenham Hotspur
47%
January2014Adam JohnsonEnglandMFSunderland
44%
September2006Andrew JohnsonEnglandFWEverton
44%
October2004Andrew JohnsonEnglandFWCrystal Palace
44%
April2015Christian BentekeBelgiumFWAston Villa
44%
August1995David GinolaFranceFWNewcastle United
44%
December1998David GinolaFranceFWTottenham Hotspur
44%
September2001Juan Sebastián VerónArgentinaMFManchester United
44%
August2015André AyewGhanaFWSwansea City
42%
November1994Chris SuttonEnglandFWBlackburn Rovers
42%
August2008DecoPortugalMFChelsea
42%
April1998Emmanuel PetitFranceMFArsenal
42%
February2016Fraser ForsterEnglandGKSouthampton
42%
April1999Kevin CampbellEnglandFWEverton
42%
October1999Kevin PhillipsEnglandFWSunderland
42%
November2004Arjen RobbenNetherlandsMFChelsea
40%
December2015Odion IghaloNigeriaFWWatford
40%
November2013Tim KrulNetherlandsGKNewcastle United
40%
April2008Ashley YoungEnglandDFAston Villa
37%
December2008Ashley YoungEnglandDFAston Villa
37%
September2008Ashley YoungEnglandDFAston Villa
37%
November2003Jay-Jay OkochaNigeriaMFBolton Wanderers
37%
November2012Marouane FellainiBelgiumMFEverton
37%
November2007Gabriel AgbonlahorEnglandFWAston Villa
35%
August2004José Antonio ReyesSpainMFArsenal
35%
February2010Mark SchwarzerAustraliaGKFulham
35%
December2010Samir NasriFranceMFArsenal
35%
November2011Scott ParkerEnglandMFTottenham Hotspur
35%
February2011Scott ParkerEnglandMFWest Ham United
35%
September2014Graziano PellèItalyFWSouthampton
33%
August2000Alan SmithEnglandMFLeeds United
30%
September2004Ledley KingEnglandDFTottenham Hotspur
30%
November1999Sami HyypiäFinlandDFLiverpool
30%
September2012Steven FletcherScotlandFWSunderland
30%
August2002Sylvain WiltordFranceFWArsenal
30%
March1997JuninhoBrazilMFMiddlesbrough
28%
October1994Paul InceEnglandMFManchester United
28%
December2007Roque Santa CruzParaguayFWBlackburn Rovers
28%
February2006Kevin NolanEnglandMFBolton Wanderers
26%
February1995Duncan FergusonScotlandFWEverton
23%
February2009Phil JagielkaEnglandDFEverton
23%
December1997Steve McManamanEnglandMFLiverpool
23%
September1995Tony YeboahGhanaFWLeeds United
23%
March1995Tony YeboahGhanaFWLeeds United
23%
August2007Micah RichardsEnglandDFManchester City
21%
January1997Tim FlowersEnglandGKBlackburn Rovers
21%
September2000Tim FlowersEnglandGKLeicester City
21%
April1996Andrei KanchelskisRussiaFWEverton
19%
February2004EduBrazilMFArsenal
19%
April2001Gary McAllisterScotlandMFLiverpool
19%
November2010Johan ElmanderSwedenFWBolton Wanderers
19%
November2000Paul RobinsonEnglandGKLeeds United
19%
January1996Stan CollymoreEnglandFWLiverpool
19%
March1998Alex ManningerAustriaGKArsenal
16%
December2014Charlie AustinEnglandFWQueens Park Rangers
16%
September2005Danny MurphyEnglandMFCharlton Athletic
16%
November2001Danny MurphyEnglandMFLiverpool
16%
March2004Mikael ForssellFinlandFWBirmingham City
16%
December2000James BeattieEnglandFWSouthampton
14%
November2002James BeattieEnglandFWSouthampton
14%
November1997Kevin DaviesEnglandFWSouthampton
14%
September1999Muzzy IzzetTurkeyMFLeicester City
14%
April2012Nikica JelavićCroatiaFWEverton
14%
September1996Patrik BergerCzech RepublicMFLiverpool
14%
February2000Paul MersonEnglandMFAston Villa
14%
January2000Gareth SouthgateEnglandDFAston Villa
12%
October1997Paulo WanchopeCosta RicaFWDerby County
12%
February2012Peter OdemwingieNigeriaFWWest Bromwich Albion
12%
September2010Peter OdemwingieNigeriaFWWest Bromwich Albion
12%
April2011Peter OdemwingieNigeriaFWWest Bromwich Albion
12%
March1999Ray ParlourEnglandMFArsenal
12%
September1994Rob LeeEnglandMFNewcastle United
12%
November1995Rob LeeEnglandMFNewcastle United
12%
October1995Trevor SinclairEnglandMFQueens Park Rangers
12%
January1995Chris WaddleEnglandMFSheffield Wednesday
9%
April2014Connor WickhamEnglandFWSunderland
9%
October2014Diafra SakhoSenegalFWWest Ham United
9%
November2009Jimmy BullardEnglandMFHull City
9%
February1997Robbie EarleJamaicaMFWimbledon
7%
January2013Adam le FondreEnglandFWReading
5%
February2001Stuart PearceEnglandDFWest Ham United
5%
April1997Mickey EvansIrelandFWSouthampton
0%

Score Distribution

Percentile by Number Answered

Percent of People with Each Score

Your Score History

You have not taken this quiz